Mají být obaly globální, nebo lokální?

Vplyv národnej kultúry na dizajn obalu. Výsledky prieskumu vplyvu národnej kultúry na podobu komerčného obalu v kategóriách: expresivita, kontext, symbolizmus, informácie a identifikácia obalu. Využitie rovnakého dizajnu obalu pre celosvetové trhy.

Enregistré dans:
Détails bibliographiques
Auteur principal: van den Bergová-Weitzelová, Lianne
Autres auteurs: Laar, Gaston van de
Format: Chapitre de livre
Langue:tchèque
Sujets:
Tags: Ajouter un tag
Pas de tags, Soyez le premier à ajouter un tag!

MARC

LEADER 00000naa$a2200000$$$4500
001 0027710
005 20231016104522.5
041 0 |a cze 
044 |a CZ 
245 1 0 |a Mají být obaly globální, nebo lokální?  |c Lianne van den Bergová-Weitzelová, Gaston van de Laar 
520 |a Vplyv národnej kultúry na dizajn obalu. Výsledky prieskumu vplyvu národnej kultúry na podobu komerčného obalu v kategóriách: expresivita, kontext, symbolizmus, informácie a identifikácia obalu. Využitie rovnakého dizajnu obalu pre celosvetové trhy. 
610 2 0 |a produkty 
610 2 0 |a obaly 
610 2 0 |a technika obalová 
610 2 0 |a dizajn 
610 2 0 |a kultúra 
610 2 0 |a národ 
610 2 0 |a lokalizácia 
610 2 0 |a globalizácia 
100 1 |a van den Bergová-Weitzelová, Lianne 
700 1 |a Laar, Gaston van de